Theodor W. Adorno (Record no. 77049)

MARC details
000 -LEADER
fixed length control field 00718nam a2200241Ia 4500
008 - FIXED-LENGTH DATA ELEMENTS--GENERAL INFORMATION
fixed length control field 191130s2004##################000#0#eng##
020 ## - INTERNATIONAL STANDARD BOOK NUMBER
ISBN 9780761943648
082 ## - DEWEY DECIMAL CLASSIFICATION NUMBER
Classification number 301.092 DEL
245 ## - TITLE STATEMENT
Title Theodor W. Adorno
Statement of responsibility, etc edited by Gerard Delanty
260 ## - PUBLICATION, DISTRIBUTION, ETC. (IMPRINT)
Place of publication Thousand Oaks, CA
Name of publisher Sage
Year of publication -2004
300 ## - PHYSICAL DESCRIPTION
Number of Pages v. <1-4> : ill. ; 24 cm.
500 ## - GENERAL NOTE
General note Includes bibliographical references
650 ## - SUBJECT ADDED ENTRY--TOPICAL TERM
Topical Term Adorno, Theodor W., 1903-1969
Topical Term Criticism
Topical Term Philosophy, Modern - 20th century
Topical Term Sociology
700 ## - ADDED ENTRY--PERSONAL NAME
Personal name Delanty, Gerard
991 ## -
-- 418654
Holdings
Withdrawn status Lost status Damaged status Not for loan Home library Current library Shelving location Date acquired Full call number Accession Number Price effective from Koha item type
        Anna Centenary Library Anna Centenary Library 3RD FLOOR, B WING 09.10.2020 301.092 DEL 114270 09.10.2020 English Books
        Anna Centenary Library Anna Centenary Library 3RD FLOOR, B WING 09.10.2020 301.092 DEL 114271 09.10.2020 English Books
        Anna Centenary Library Anna Centenary Library 3RD FLOOR, B WING 09.10.2020 301.092 DEL 114272 09.10.2020 English Books
        Anna Centenary Library Anna Centenary Library 3RD FLOOR, B WING 09.10.2020 301.092 DEL 114273 09.10.2020 English Books

Find us on the map